Sports Quiz

Random Sports Quiz

Stewart-Haas Racing Drivers Quiz Stats

Quiz not verified by Sporcle

Challenge
Share
Tweet
Embed
Score 0/6 Timer 02:00
0 Plays Today
Years Driver % Correct
2009-2016Tony Stewart
100%
2009-2013Ryan Newman
98.5%
2014-PresentKevin Harvick
98.5%
2013-PresentDanica Patrick
98.5%
2014-PresentKurt Busch
97%
2017-PresentClint Bowyer
88.1%

You're not logged in!

Compare scores with friends on all Sporcle quizzes.
Join for Free
OR
Log In

You Might Also Like...

Show Comments

Extras

Created Mar 22, 2017ReportNominate
Tags:NASCAR

Top Quizzes Today


Score Distribution

Your Account Isn't Verified!

In order to create a playlist on Sporcle, you need to verify the email address you used during registration. Go to your Sporcle Settings to finish the process.

Report this User

Report this user for behavior that violates our Community Guidelines.

Details: